Northern Ireland counties-Ards and North Down - Statistics

General Stats
  • This quiz has been taken 8 times
  • The average score is 8 of 15
Answer Stats
LHint Answer % Correct
Largest town Bangor
100%
Other major town, situated at the very top of Strangford Lough Newtownards
100%
Professional golfer from Holywood with an extensive winning streak Rory McIlroy
88%
Granite lookout tower that sits on a hill overlooking the above Scrabo Tower
88%
Coastal suburb that is extremely affluent and home to many very wealthy individuals; a yacht club and the Ulster Folk and Transport Museum are both located here Cultra
63%
Actor and model known for his roles in works such as The Fall, 2021's Belfast and The Fifty Shades franchise Jamie Dornan
63%
Owned by the National Trust; this nineteenth century mansion overlooks Strangford Lough and has extensive, ornate gardens Mount Stewart
63%
Village housing a ruined Cistercian abbey and many antiques shops Greyabbey
50%
Uninhabited trio of rocky islands which are an important breeding ground for seabirds Copeland Islands
38%
BBC police drama filmed in Donaghadee Hope Street
38%
Opening in 1611, this pub is generally considered the oldest in Northern Ireland Grace Neill's
25%
This racecourse, situated on the Ards Peninsula, is the only MSA licensed permanent motorsport circuit in Northern Ireland Kirkistown Racing Circuit
25%
Strangford Lough is known for producing this seafood said to be of exceptionally high quality Oysters
25%
Award winning celebrity chef who grew up in Ballywalter Paul Rankin
25%
Easternmost point in the entirety of Ireland; nearby Portavogie is the easternmost town Burr Point
13%
No matching quizzes found
Score Distribution
Percent of People with Each Score
Percentile by Number Answered
Your Score History
You have not taken this quiz